000 00263 a2200133 4500
001 59051
020 _a
040 _cAnchieta - Pituba
240 1 0 _aHistória do brasil
_lpor
245 1 0 _aHistória do brasil
300 _a71
650 4 _aBrasil
942 _cBK
999 _c59051
_d59051